Revision survey settlement of the Bardli taluka of the Surat collectorate (Record no. 517444)

MARC details
000 -LEADER
fixed length control field 00821nam a2200253Ia 4500
003 - CONTROL NUMBER IDENTIFIER
control field OSt
005 - DATE AND TIME OF LATEST TRANSACTION
control field 20220925191146.0
008 - FIXED-LENGTH DATA ELEMENTS--GENERAL INFORMATION
fixed length control field 220923b |||||||| |||| 00| 0 eng d
037 ## - SOURCE OF ACQUISITION
Terms of availability General Book
040 ## - CATALOGING SOURCE
Original cataloging agency RTL
Transcribing agency RTL
Language of cataloging eng
041 ## - LANGUAGE CODE
Source of code eng
Language code of text/sound track or separate title eng
110 ## - MAIN ENTRY--CORPORATE NAME
Corporate name or jurisdiction name as entry element BOMBAY (Govt of---)
245 #0 - TITLE STATEMENT
Title Revision survey settlement of the Bardli taluka of the Surat collectorate
260 ## - PUBLICATION, DISTRIBUTION, ETC.
Place of publication, distribution, etc. Bombay
Name of publisher, distributor, etc. Goverment of Bombay
Date of publication, distribution, etc. 1897
300 ## - PHYSICAL DESCRIPTION
Extent 132p.Appp17-p43
Dimensions cm.
490 ## - SERIES STATEMENT
Series statement Selections from the records of the Bombay Goverment .no.ccclix.new series
500 ## - GENERAL NOTE
General note The documents contains various reports
700 ## - ADDED ENTRY--PERSONAL NAME
Personal name BOMBAY (Govt of---)
942 ## - ADDED ENTRY ELEMENTS (KOHA)
Classification part X723.23161.m95, C5
Koha item type General Books
Source of classification or shelving scheme Colon Classification (CC)

No items available.

Copyright @ Delhi University Library System